[Event "Wch U18 Girls"]
[Site "Montesilvano"]
[Date "2023.11.21"]
[Round "8"]
[White "Graziani, Emma"]
[Black "Yim, Jay"]
[Result "1-0"]
[WhiteElo "1783"]
[BlackElo "1310"]
[PlyCount "83"]
[EventDate "2023.11.13"]
[EventType "swiss"]
[EventRounds "11"]
[EventCountry "ITA"]
[SourceTitle "CB48_2023"]
[SourceDate "2023.11.29"]
[SourceVersion "1"]
[SourceVersionDate "2023.11.29"]
[SourceQuality "1"]

1. e4 c5 2. Nf3 Nc6 3. d3 g6 4. g3 Bg7 5. Bg2 e5 6. 0-0 Nge7 7. Nbd2 0-0 8. c3 d6 9. Qc2 b5 10. Re1 a5 11. Nf1 Be6 12. Ng5 Bd7 13. f4 h6 14. Nf3 b4 15. Ne3 Be6 16. fxe5 dxe5 17. c4 Rc8 18. Nd5 Nd4 19. Nxd4 cxd4 20. Qb3 Qd6 21. a3 Bxd5 22. exd5 Ra8 23. axb4 Rfb8 24. b5 Nc8 25. Bd2 Qd8 26. c5 Qe8 27. b6 a4 28. Qb4 Ra7 29. bxa7 Rxb4 30. a8Q Rxb2 31. Bc1 Rc2 32. Qxa4 Qxa4 33. Rxa4 Rxc5 34. Rc4 Rxc4 35. dxc4 Bf8 36. Rxe5 Nb6 37. Re8 g5 38. c5 Nc4 39. d6 d3 40. d7 Kg7 41. Rxf8 d2 42. Bxd2 1-0

[Event "ITA-ch U20"]
[Site "Tarvisio"]
[Date "2023.07.05"]
[Round "4"]
[White "Graziani, Emma"]
[Black "Buffa, Elena"]
[Result "1/2-1/2"]
[WhiteElo "1833"]
[BlackElo "1732"]
[PlyCount "117"]
[EventDate "2023.07.02"]
[EventType "swiss"]
[EventRounds "9"]
[EventCountry "ITA"]
[SourceTitle "EXT 2024"]
[Source "ChessBase"]
[SourceDate "2023.10.10"]
[SourceVersion "1"]
[SourceVersionDate "2023.10.10"]
[SourceQuality "1"]

1. e4 e6 2. d3 d5 3. Nd2 Nf6 4. Ngf3 b6 5. g3 c5 6. Bg2 Be7 7. 0-0 Nc6 8. Re1 Qc7 9. Nf1 b5 10. h4 Bb7 11. e5 Nd7 12. Bf4 h6 13. h5 Nb6 14. c3 a5 15. N3d2 Ba6 16. Qg4 0-0-0 17. Rac1 b4 18. c4 dxc4 19. dxc4 Rdg8 20. b3 g5 21. hxg6 Rxg6 22. Qh5 Bg5 23. Qf3 Bb7 24. Rcd1 Nd4 25. Qxb7+ Qxb7 26. Bxb7+ Kxb7 27. Bxg5 hxg5 28. Re3 Kc6 29. Ne4 Nd7 30. Ned2 Nc2 31. Re4 Nd4 32. Kg2 Rgh6 33. Nf3 Nf5 34. Nxg5 Rf8 35. Nf3 f6 36. exf6 Rhxf6 37. Ne5+ Nxe5 38. Rxe5 Nh6 39. Re2 Ng4 40. Rdd2 e5 41. Ne3 Nxe3+ 42. Rxe3 Re6 43. f4 Rfe8 44. f5 Rd6 45. Rxd6+ Kxd6 46. g4 e4 47. Kg3 Ke5 48. Re2 Rd8 49. Rf2 Rd3+ 50. Kg2 e3 51. Re2 Kf4 52. Kf1 Kxg4 53. f6 Rd6 54. Rxe3 Rxf6+ 55. Ke2 Rc6 56. Re5 Kf4 57. Rd5 Ke4 58. Rd7 a4 59. Rd5 1/2-1/2

[Event "Montesilvano Easter op 8th"]
[Site "Montesilvano"]
[Date "2023.04.08"]
[Round "2"]
[White "Andreev, Konstantin"]
[Black "Graziani, Emma"]
[Result "1-0"]
[WhiteElo "2167"]
[BlackElo "1827"]
[PlyCount "83"]
[EventDate "2023.04.07"]
[EventType "swiss"]
[EventRounds "6"]
[EventCountry "ITA"]
[SourceTitle "CBM 213 Extra"]
[Source "ChessBase"]
[SourceDate "2023.05.31"]
[SourceVersion "1"]
[SourceVersionDate "2023.05.31"]
[SourceQuality "1"]

1. e4 e5 2. Nf3 Nc6 3. Bc4 Bc5 4. d3 Nf6 5. 0-0 0-0 6. c3 d6 7. Bb3 h6 8. h3 Re8 9. Re1 Bb6 10. Nbd2 Ne7 11. Nf1 Ng6 12. Ng3 Nf4 13. d4 Ng6 14. Bc2 c6 15. Be3 Bc7 16. Qd2 Kh7 17. Rad1 Qe7 18. b4 b6 19. Ba4 b5 20. Bc2 Bb6 21. Nf5 Bxf5 22. exf5 Nf8 23. dxe5 dxe5 24. Bxb6 axb6 25. Rxe5 Qc7 26. Rxe8 Rxe8 27. Qd6 Rc8 28. Qxc7 Rxc7 29. Rd8 N8d7 30. Bb3 Nd5 31. Nd4 N7f6 32. Nxc6 Rxc6 33. Bxd5 Nxd5 34. Rxd5 Rxc3 35. Rxb5 Rc1+ 36. Kh2 Rc6 37. a4 Kg8 38. a5 bxa5 39. bxa5 Kf8 40. Rb6 Rc7 41. a6 Ra7 42. Rb8+ 1-0

[Event "ITA-ch U16"]
[Site "Salsomaggiore Terme"]
[Date "2019.07.12"]
[Round "7"]
[White "Cassi, Elisa"]
[Black "Graziani, Emma"]
[Result "1-0"]
[WhiteElo "1792"]
[BlackElo "1647"]
[PlyCount "43"]
[EventDate "2019.07.07"]
[EventType "swiss"]
[EventRounds "9"]
[EventCountry "ITA"]
[SourceTitle "EXT 2020"]
[Source "ChessBase"]
[SourceDate "2019.10.17"]
[SourceVersion "1"]
[SourceVersionDate "2019.10.17"]
[SourceQuality "1"]

1. e4 b6 2. d4 Bb7 3. Bd3 Nf6 4. Nd2 e6 5. Ngf3 d5 6. e5 Nfd7 7. 0-0 c5 8. c3 Be7 9. Re1 0-0 10. Nf1 Nc6 11. Re3 Rc8 12. Ng5 h6 13. Nh7 cxd4 14. cxd4 Re8 15. Rg3 g6 16. Bxg6 fxg6 17. Rxg6+ Kf7 18. Qh5 Bf8 19. Rf6+ Kg7 20. Qf7+ Kh8 21. Nxf8 Nxf6 22. Ng6# 1-0